ELECTRICAL MACHINES (Record no. 5370)

MARC details
000 -LEADER
fixed length control field 00396nam a22001697a 4500
005 - DATE AND TIME OF LATEST TRANSACTION
control field 20170401125637.0
008 - FIXED-LENGTH DATA ELEMENTS--GENERAL INFORMATION
fixed length control field 170401b xxu||||| |||| 00| 0 eng d
020 ## - INTERNATIONAL STANDARD BOOK NUMBER
ISBN 978-0-0-069967-0
041 ## - LANGUAGE CODE
Language code of text/sound track or separate title eng
100 ## - MAIN ENTRY--AUTHOR NAME
Personal name KOTHARI,D.P,NAGRATH,I.P
245 ## - TITLE STATEMENT
Title ELECTRICAL MACHINES
250 ## - EDITION STATEMENT
Edition statement 4th
260 ## - PUBLICATION, DISTRIBUTION, ETC. (IMPRINT)
Name of publisher MCGRAW HILL
Year of publication 210
300 ## - PHYSICAL DESCRIPTION
Number of Pages 314
650 ## - SUBJECT ADDED ENTRY--TOPICAL TERM
Topical Term ENGINEERING
942 ## - ADDED ENTRY ELEMENTS (KOHA)
Koha item type Books
Holdings
Lost status Damaged status Home library Current library Shelving location Date acquired Source of acquisition Cost, normal purchase price Accession Number Koha item type Collection code
    JRU Library   SHELF-38-J 30/04/2017 PURCHASE 595.00 21570 Books  
    JRU Library   SHELF-38-J 30/04/2017 PURCHASE 595.00 21571 Books  
    JRU Library   SHELF -72- G 30/04/2017 PURCHASE 595.00 21572 Books Reference